Educación, Participación en salud e ideología: Nicaragua pasado y presente /

Wedi'i Gadw mewn:
Manylion Llyfryddiaeth
Prif Awdur: De Keyzer, Benno
Awduron Eraill: Ulate, Jeannette
Fformat: Texto
Pynciau:
Tagiau: Ychwanegu Tag
Dim Tagiau, Byddwch y cyntaf i dagio'r cofnod hwn!

MARC

LEADER 00000 a a2200000 04500
001 47541
003
040
090 |a REV0857 6 (17) 1980  
100 |a De Keyzer, Benno  
245 |a Educación, Participación en salud e ideología: Nicaragua pasado y presente /  |c Benno de Keyzer, Jeannette Ulate  
500 |a Ponencia presentada al VII Seminario Regional del Programa Centroamericano de Ciencias de la Salud del CSUCA sobre "Sistemas de Salud y Participación Popular en Centroamérica"  
650 |a PARTICIPACION SOCIAL  
650 |a IDEOLOGIAS POLITICAS  
650 |a SERVICIOS DE SALUD  
650 |a PLANIFICACION ESTRATEGICA  
650 |a NICARAGUA  
700 |a Ulate, Jeannette  
773 |g volumen6, número17, setiembre-diciembre (1980)  
999 |c 27518  |d 27518